150 Animés De Romances par Images - Statistiques

Statistiques générales
  • Ce quiz a été pris 15 fois
  • Le résultat moyen est 47 sur 150
Statistiques - réponses
Par images Réponse % Correct
A Silent Voice
77%
Maid-Sama!
77%
My Dress-Up Darling
77%
The Fragrant Flower Blooms With Dignity
77%
Fruits Basket
69%
Horimiya
69%
My Happy Marriage
69%
My Little Monster
69%
Romantic Killer
69%
Yakuza Fiancé: Raise wa Tanin ga Ii
69%
Your Name.
69%
A Sign of Affection
62%
Charlotte
62%
Komi Can’t Communicate
62%
Toradora!
62%
Blue Box
54%
Blue Spring Ride
54%
Call of the Night
54%
DON'T TOY WITH ME, MISS NAGATORO
54%
Hyouka
54%
Kaguya-sama: Love is War
54%
Kimi ni Todoke: From Me to You
54%
My Love Story!!
54%
The Quintessential Quintuplets
54%
Wotakoi: Love is Hard for Otaku
54%
Your lie in April
54%
Honey Lemon Soda
46%
Kamisama Kiss
46%
More than a Married Couple, but Not Lovers.
46%
My Love Story with Yamada-kun at Lv999
46%
Orange
46%
Ouran High School Host Club
46%
Rascal Does Not Dream of Bunny Girl Senpai
46%
Rent-a-Girlfriend
46%
Teasing Master Takagi-san
46%
The Dangers in My Heart
46%
Tomo-chan Is a Girl!
46%
You and I Are Polar Opposites
46%
A Condition Called Love
38%
Citrus
38%
Golden Time
38%
Insomniacs After School
38%
Josee, the Tiger and the Fish
38%
Masamune-kun's Revenge
38%
My First Girlfriend is a Gal
38%
My Teen Romantic Comedy SNAFU
38%
Shikimori's Not Just a Cutie
38%
Skip and Loafer
38%
The Angel Next Door Spoils Me Rotten
38%
TONIKAWA: Over The Moon For You
38%
Uzaki-chan Wants to Hang Out!
38%
Aharen-san wa Hakarenai
31%
Alya Sometimes Hides Her Feelings in Russian
31%
Clannad
31%
Domestic Girlfriend
31%
Girlfriend, Girlfriend
31%
Hokkaido Gals Are Super Adorable!
31%
I Have a Crush at Work
31%
LOVE and LIES
31%
Makeine: Too Many Losing Heroines!
31%
Medaka Kuroiwa is Impervious to My Charms
31%
My Tiny Senpai
31%
Nisekoi
31%
Pseudo Harem
31%
Scum's Wish
31%
Spice and Wolf
31%
The Café Terrace and Its Goddesses
31%
The Girl I Like Forgot Her Glasses
31%
The Ice Guy and His Cool Female Colleague
31%
Weathering With You
31%
365 Days to the Wedding
23%
Adachi and Shimamura
23%
A Galaxy Next Door
23%
Bloom Into You
23%
Higehiro: After Being Rejected, I Shaved and Took in a High School Runaway
23%
Kanon
23%
Koikimo
23%
Kokoro Connect
23%
Love, Chunibyo & Other Delusions
23%
Love Through A Prism
23%
Love Tyrant
23%
My Senpai is Annoying
23%
My Stepmom's Daughter is My Ex
23%
OKITSURA: Fell in Love with an Okinawan Girl, but I Just Wish I Know What She's Saying
23%
ReLIFE
23%
Saekano: How to Raise a Boring Girlfriend
23%
Sakura Trick
23%
School Days
23%
Science Fell in Love, So I Tried to Prove It
23%
Taisho Otome Fairy Tale
23%
Tamako Market
23%
The 100 Girlfriends Who Really, Really, Really, Really, REALLY Love You
23%
The Detective Is Already Dead
23%
The Foolish Angel Dances with the Devil
23%
The Invisible Man and His Soon-to-Be Wife
23%
The Pet Girl of Sakurasou
23%
To Love Ru
23%
We Never Learn: BOKUBEN
23%
Whisper Me a Love Song
23%
Yamada and the Seven Witches
23%
And you thought there is never a girl online?
15%
Boarding School Juliet
15%
Bottom-Tier Character Tomozaki
15%
Chivalry of a Failed Knight
15%
Dealing with Mikadono Sisters Is a Breeze
15%
Engaged to the Unidentified
15%
Girl Meets Girl
15%
I'm Getting Married to a Girl I Hate in My Class
15%
Inexpressive Kashiwada and Expressive Oota
15%
Kubo Won't Let Me Be Invisible
15%
Love After World Domination
15%
Love is Like a Cocktail
15%
Mechanical Marie
15%
My Awkward Senpai
15%
My Friend's Little Sister Has It In for Me!
15%
My Mental Choices Are Completely Interfering With My School Romantic Comedy
15%
My Sweet Tyrant
15%
My Wife Has No Emotion
15%
Oreshura
15%
Osamake: Romcom Where The Childhood Friend Won't Lose
15%
Our Dating Story: The Experienced You and The Inexperienced Me
15%
Plus-sized Misadventures in Love!
15%
Rec
15%
Seton Academy: Join the Pack!
15%
The Day I Became a God
15%
The Dreaming Boy is a Realist
15%
The Duke of Death and His Maid
15%
The Magical Girl and the Evil Lieutenant Used to Be Archenemies
15%
There's No Freaking Way I'll Be Your Lover! Unless…
15%
Trinity Seven
15%
Tsuredure Children
15%
Tune In to the Midnight Heart
15%
Tying the Knot with an Amagami Sister
15%
Vampire Dormitory
15%
Vermeil in Gold
15%
When Will Ayumu Make His Move?
15%
Why the hell are you here, Teacher!?
15%
You are Ms. Servant
15%
You Can't Be In a Rom-Com with Your Childhood Friends!
15%
Yuuna and the Haunted Hot Springs
15%
April Showers Bring May Flowers
8%
Cultural Exchange with a Game Centre Girl
8%
Momokuri
8%
Murai In Love
8%
ORESUKI: Are you the only one who loves me?
8%
Recovery of an MMO Junkie
8%
Rokudo's Bad Girls
8%
Senryu Girl
8%
Tada Never Falls In Love
8%
Yamada's First Time: B Gata H Kei
8%
Aucun quiz correspondant
Distribution des résultats
% des personnes avec chaque résultat
Percentile par nombre de réponses
Votre historique - résultats
Vous n’avez pas pris ce quiz